| 000 | 00555nam a2200181Ia 4500 | ||
|---|---|---|---|
| 008 | 131103s9999 xx 000 0 und d | ||
| 020 | _cRs. 9 | ||
| 040 | _aLoreto College | ||
| 041 | _aEnglish | ||
| 082 |
_a423.2/PAT _bLCLIB/17370, 1 copy |
||
| 245 |
_aBhargava's standard illustrated dictionary of the English language _ccomplied and edited by R. C. Pathak |
||
| 250 | _aRep. ed. | ||
| 260 |
_aBenares _bShree Ganga Pustakalaya _c[19- -?] |
||
| 300 |
_a1262p. _c 22c.m. |
||
| 700 | _aPathak, R. C.; ed. | ||
| 850 | _aLCLIB/423.2/PAT | ||
| 942 | _cBK | ||
| 999 |
_c23769 _d74248 |
||